| Tag |
First Indicator |
Second Indicator |
Subfields |
| LEADER |
00000cam a2200000 4500 |
| 001 |
in00000615708 |
| 005 |
20151015050852.0 |
| 008 |
780517s1929 nyuae b 00110 eng |
| 010 |
|
|
|a 29002045
|
| 035 |
|
|
|a (OCoLC)03903922
|
| 035 |
|
|
|9 ACT2842AM
|
| 040 |
|
|
|a DLC
|c GAT
|d TXA
|d UtOrBLW
|
| 041 |
1 |
|
|a ger
|a eng
|
| 049 |
|
|
|a TXAM
|c [231995]
|
| 050 |
0 |
0 |
|a TC158
|b .V4 1929
|
| 092 |
|
|
|a 627.072
|b V4 My17
|
| 110 |
2 |
|
|a Verein Deutscher Ingenieure.
|
| 245 |
1 |
0 |
|a Hydraulic laboratory practice :
|b comprising a translation, revised to 1929, of Die Wasserbaulaboratorien Europas, published in 1926 by Verein Deutscher Ingenieure; including also descriptions of other European and American laboratories and notes on the theory of experiments with models /
|c edited by John R. Freeman.
|
| 264 |
|
1 |
|a New York, N. Y. :
|b American Society of Mechanical Engineers,
|c 1929.
|
| 300 |
|
|
|a xxi, 868 pages :
|b illustrations, plans, diagrams ;
|c 30 cm.
|
| 336 |
|
|
|a text
|b txt
|2 rdacontent
|
| 337 |
|
|
|a unmediated
|b n
|2 rdamedia
|
| 338 |
|
|
|a volume
|b nc
|2 rdacarrier
|
| 504 |
|
|
|a Bibliography at end of most of the chapters.
|
| 650 |
|
0 |
|a Hydraulic engineering.
|
| 650 |
|
0 |
|a Engineering laboratories.
|
| 700 |
1 |
|
|a Freeman, John Ripley,
|d 1855-1932.
|
| 710 |
2 |
|
|a American Society of Mechanical Engineers.
|
| 999 |
|
|
|a MARS
|
| 999 |
f |
f |
|s c3cd8f00-8d97-3897-97a5-2a672591a3ec
|i 43902445-3ced-30d4-8d37-245b8e633d9b
|t 0
|
| 952 |
f |
f |
|p ric
|a Texas A&M University
|b Rellis Campus
|c Joint Library Facility
|d Remote Storage
|t 0
|e TC158 .V4 1929
|h Library of Congress classification
|i unmediated -- volume
|m A14805348549
|
| 998 |
f |
f |
|a TC158 .V4 1929
|t 0
|l Remote Storage
|